[Event "Tournoi Skype 014A"]
[Site "Skype"]
[Date "????.??.??"]
[Round "4.23"]
[White "Trivedi, Viral"]
[Black "Duthoit, Bernard"]
[Result "1-0"]
[WhiteElo "1536"]
[BlackElo "1487"]
[PlyCount "73"]

1. e4 e6 2. Nf3 d5 3. exd5 exd5 4. d4 Nf6 5. Bd3 g6 6. Qe2+ Be6 7. Ng5 Qe7 8.
Nxe6 Qxe6 9. Qxe6+ fxe6 10. O-O Nc6 11. c3 Bg7 12. Re1 Nd8 13. Bf4 c6 14. Nd2
O-O 15. Nf3 Nd7 16. Bd6 Re8 17. Ng5 Nf7 18. Nxf7 Kxf7 19. Re3 Nf6 20. Rae1 Rad8
21. Bf4 h6 22. h4 Nh5 23. Bg3 Nxg3 24. Rxg3 Bf6 25. Bxg6+ Ke7 26. Bxe8 Rxe8 27.
h5 Bg5 28. Rg4 Rf8 29. g3 Rf5 30. f4 Bf6 31. Rg8 Rxh5 32. g4 Rh4 33. Kg2 h5 34.
Kg3 hxg4 35. Rxg4 Rh7 36. f5 e5 37. dxe5 1-0

[Event "Tournoi Skype 014A"]
[Site "Skype"]
[Date "????.??.??"]
[Round "4.24"]
[White "Maneval, Dustin"]
[Black "Grib, Johannes"]
[Result "1-0"]
[WhiteElo "1532"]
[BlackElo "1432"]
[PlyCount "29"]

1. e4 e5 2. f4 exf4 3. Nf3 Nc6 4. d4 Nf6 5. e5 Ne4 6. Bd3 Nxd4 7. Bxe4 Nxf3+ 8.
Qxf3 Qh4+ 9. g3 fxg3 10. hxg3 Qd8 11. Rf1 Qe7 12. Nc3 h6 13. Be3 c6 14. O-O-O
b6 15. Bxc6 1-0

[Event "Tournoi Skype 014A"]
[Site "Skype"]
[Date "????.??.??"]
[Round "4.25"]
[White "Meaney, Mike"]
[Black "Solak, Yusuf"]
[Result "1/2-1/2"]
[WhiteElo "1497"]
[BlackElo "1514"]
[PlyCount "35"]

1. d4 e6 2. e4 b6 3. Bd3 Bb7 4. Nc3 Bb4 5. Bd2 f5 6. Qf3 Nf6 7. Nh3 Bxc3 8.
Bxc3 fxe4 9. Qg3 exd3 10. Qxg7 Rg8 11. Qh6 Rxg2 12. Ng5 Rxg5 13. Qxg5 Bxh1 14.
O-O-O Be4 15. d5 Nxd5 16. Qg8+ Ke7 17. Qg5+ Ke8 18. Qg8+ 1/2-1/2

[Event "Tournoi Skype 014A"]
[Site "Skype"]
[Date "????.??.??"]
[Round "5.1"]
[White "Auger, Bertrand"]
[Black "Jacquelin, Norbert"]
[Result "1/2-1/2"]
[WhiteElo "2085"]
[BlackElo "1899"]
[PlyCount "104"]

1. Nf3 d5 2. g3 c6 3. Bg2 Nf6 4. O-O Bf5 5. b3 e6 6. c4 h6 7. Bb2 Be7 8. d3 Bh7
9. Nbd2 O-O 10. Qc2 Na6 11. a3 Rc8 12. b4 Nd7 13. Bc3 Bf6 14. Qb2 Bxc3 15. Qxc3
Re8 16. Qb3 Qe7 17. Rac1 Qd6 18. Rfd1 Kh8 19. Qb2 f5 20. e4 Qf8 21. Ne5 Nxe5
22. Qxe5 Nb8 23. c5 Rcd8 24. f4 Re7 25. Qb2 dxe4 26. dxe4 Red7 27. e5 g5 28.
Qc2 gxf4 29. gxf4 Qg7 30. Nc4 Qg4 31. Nd6 Rg8 32. Qf2 Rdg7 33. Rd2 Qh3 34. Kh1
Qxa3 35. Rb1 Bg6 36. Qh4 Qe3 37. Rbd1 Qb3 38. Rd3 Qxb4 39. Rh3 Nd7 40. Qxh6+
Bh7 41. Rg3 Qa5 42. Qxe6 Nf8 43. Nf7+ Rxf7 44. Qxf7 Rxg3 45. Qxf8+ Rg8 46. Qf6+
Rg7 47. Rd8+ Bg8 48. Qh6+ Rh7 49. Qf6+ Rg7 50. Rd1 Qxc5 51. Qh6+ Rh7 52. Qf6+
Rg7 1/2-1/2

[Event "Tournoi Skype 014A"]
[Site "Skype"]
[Date "????.??.??"]
[Round "5.2"]
[White "Karlsen, Christian"]
[Black "Hilton, Stephen"]
[Result "1-0"]
[WhiteElo "1917"]
[BlackElo "1903"]
[PlyCount "43"]

1. Nf3 Nf6 2. b3 g6 3. Bb2 Bg7 4. e4 d6 5. c4 O-O 6. d3 Nc6 7. h3 e6 8. Be2 d5
9. e5 Nd7 10. d4 Ne7 11. cxd5 Nxd5 12. O-O c5 13. Nc3 Nxc3 14. Bxc3 cxd4 15.
Qxd4 Nb6 16. Qe4 Qd5 17. Qf4 Qc6 18. Rac1 Nd5 19. Qd2 Nxc3 20. Rxc3 Qb6 21. Rd1
Qa5 22. Rxc8 1-0

[Event "Tournoi Skype 014A"]
[Site "Skype"]
[Date "????.??.??"]
[Round "5.3"]
[White "Donmez, Unal"]
[Black "Sojka, Bernard"]
[Result "0-1"]
[WhiteElo "1905"]
[BlackElo "1830"]
[PlyCount "50"]

1. e4 e5 2. Nf3 Nc6 3. Bb5 a6 4. Ba4 Nf6 5. O-O Be7 6. Re1 b5 7. Bb3 O-O 8. Bd5
Nxd5 9. exd5 Nb4 10. Nc3 Bb7 11. Nxe5 Nxd5 12. Nxd5 Bxd5 13. Qh5 f5 14. d4 Bf6
15. Qxf5 Bh4 16. Qg4 Bxf2+ 17. Kf1 Bxe1+ 18. Kxe1 Qf6 19. Be3 Qf1+ 20. Kd2 Qxa1
21. Bh6 Rf2+ 22. Kd3 Qf1+ 23. Kc3 Qe1+ 24. Kd3 Rxg2 25. Qxd7 Be4# 0-1

[Event "Tournoi Skype 014A"]
[Site "Skype"]
[Date "????.??.??"]
[Round "5.4"]
[White "Lambert, Pierre"]
[Black "Brun, Jacques"]
[Result "1/2-1/2"]
[WhiteElo "1850"]
[BlackElo "1825"]
[PlyCount "93"]

1. e4 c5 2. Nf3 Nc6 3. Bb5 g6 4. O-O Bg7 5. c3 Qb6 6. Qe2 a6 7. Bxc6 bxc6 8.
Na3 d5 9. exd5 cxd5 10. Re1 e6 11. Nc2 Nf6 12. d4 cxd4 13. Ncxd4 Rb8 14. Bf4
Rb7 15. Rab1 O-O 16. Ne5 Bd7 17. Be3 Qc7 18. Nxd7 Nxd7 19. Qxa6 Ra7 20. Nxe6
Rxa6 21. Nxc7 Rxa2 22. Nxd5 Rb8 23. Nb4 Ra4 24. Bf4 Rba8 25. Bd6 Nf6 26. b3
R4a7 27. c4 Rb7 28. Ra1 Rc8 29. Rab1 Ne8 30. Be7 Bc3 31. Nd5 Bxe1 32. Rxe1 Rxb3
33. c5 f5 34. Bg5 Rcb8 35. Nb6 Rc3 36. Nd7 Rc8 37. Kf1 Rd3 38. c6 Rc3 39. Nb6
Rb8 40. Nd5 Rc2 41. Bf4 Rd8 42. Rxe8+ Rxe8 43. c7 Kf7 44. Nb6 Ke6 45. c8=Q+
Rexc8 46. Nxc8 Rxc8 47. Ke2 1/2-1/2

[Event "Tournoi Skype 014A"]
[Site "Skype"]
[Date "????.??.??"]
[Round "5.5"]
[White "Yuvarlak, Ugur"]
[Black "Legueltel, Daniel"]
[Result "1/2-1/2"]
[WhiteElo "1850"]
[BlackElo "1692"]
[PlyCount "48"]

1. e4 e5 2. Nf3 d6 3. d4 exd4 4. Qxd4 Nc6 5. Bb5 Bd7 6. Bxc6 Bxc6 7. c4 Nf6 8.
Nc3 g6 9. Bg5 Bg7 10. O-O h6 11. Bh4 g5 12. Bg3 Nh5 13. Qd3 Nxg3 14. fxg3 Qd7
15. Nd4 O-O-O 16. Nxc6 Qxc6 17. Rxf7 Bxc3 18. Qxc3 Rhe8 19. Qa5 Kb8 20. Qd5
Qb6+ 21. Rf2 Re5 22. Qf7 Rxe4 23. b3 Qd4 24. Qf6 Rde8 1/2-1/2

[Event "Tournoi Skype 014A"]
[Site "Skype"]
[Date "????.??.??"]
[Round "5.6"]
[White "Rico Hernandez, Edgar"]
[Black "Patra Kumar, Subhendu"]
[Result "1/2-1/2"]
[WhiteElo "1814"]
[BlackElo "1838"]
[PlyCount "96"]

1. d4 d5 2. c4 e6 3. Nc3 Nf6 4. Bg5 Nbd7 5. e3 Bb4 6. Qc2 c5 7. Nf3 Qa5 8. Bxf6
Nxf6 9. Nd2 O-O 10. Nb3 Qb6 11. dxc5 Bxc5 12. Nxc5 Qxc5 13. cxd5 Nxd5 14. Rc1
Qa5 15. a3 Bd7 16. Bc4 Rac8 17. Bxd5 exd5 18. O-O Rc4 19. Rfd1 Bc6 20. Qe2 Rh4
21. g3 Rh6 22. Rd4 Rd8 23. Rcd1 Re6 24. Qf3 Re5 25. e4 Rde8 26. exd5 Bd7 27.
Kg2 Qb6 28. R1d2 Qh6 29. h4 g5 30. Re2 Qg6 31. Rxe5 Rxe5 32. hxg5 Rxg5 33. Rh4
Rf5 34. Qe3 Rh5 35. Rxh5 Qxh5 36. Qxa7 Bh3+ 37. Kg1 Qf5 38. Qb8+ Kg7 39. Qf4
Qd3 40. Qg5+ Kh8 41. Qe5+ Kg8 42. Qe2 Qd4 43. Qe3 Qc4 44. Qg5+ Kh8 45. Qf6+ Kg8
46. Qg5+ Kh8 47. Qf6+ Kg8 48. Qg5+ Kh8 1/2-1/2

[Event "Tournoi Skype 014A"]
[Site "Skype"]
[Date "????.??.??"]
[Round "5.7"]
[White "Janssen, Gerard"]
[Black "Hervais, Adrien"]
[Result "0-1"]
[WhiteElo "1717"]
[BlackElo "1998"]
[PlyCount "88"]

1. d4 e6 2. c4 Nf6 3. Nc3 d5 4. e3 c6 5. Nf3 Bb4 6. Qb3 Qe7 7. cxd5 exd5 8. Bd3
Ne4 9. O-O O-O 10. Ne5 Bxc3 11. bxc3 Rd8 12. c4 Be6 13. Qc2 Nf6 14. a4 Qc7 15.
a5 Nbd7 16. f4 dxc4 17. Nxc4 Re8 18. Ne5 g6 19. Bd2 Rad8 20. h3 Qd6 21. g4 Bd5
22. Rab1 c5 23. g5 Nh5 24. e4 Be6 25. d5 Nxe5 26. fxe5 Qxe5 27. Rf3 Bc8 28.
Qxc5 a6 29. Bc3 Qxg5+ 30. Kh2 Nf4 31. Rg1 Nxd3 32. Qd4 Qe5+ 33. Qxe5 Nxe5 34.
Rfg3 f5 35. exf5 Bxf5 36. Rd1 Be4 37. Re3 Nc4 38. Ree1 Bf3 39. Rxe8+ Rxe8 40.
Rd4 Re4 41. Rd3 Re3 42. Rxe3 Nxe3 43. d6 Bc6 44. Kg3 Nf5+ 0-1

[Event "Tournoi Skype 014A"]
[Site "Skype"]
[Date "????.??.??"]
[Round "5.8"]
[White "Plourde, Alain"]
[Black "Murgia, Stefano"]
[Result "1/2-1/2"]
[WhiteElo "1850"]
[BlackElo "1699"]
[PlyCount "90"]

1. d4 f5 2. g3 Nf6 3. Nf3 d6 4. Bg2 g6 5. c4 Bg7 6. O-O O-O 7. Nc3 Qe8 8. Rb1
c6 9. Bg5 h6 10. Bd2 Ne4 11. Be3 Nd7 12. Nxe4 fxe4 13. Nd2 d5 14. cxd5 cxd5 15.
Qb3 Qf7 16. Rbc1 e5 17. dxe5 Nxe5 18. f3 exf3 19. Nxf3 Nxf3+ 20. Bxf3 Be6 21.
Bxd5 Bxd5 22. Rxf7 Bxb3 23. Rxf8+ Rxf8 24. axb3 Bxb2 25. Rc7 Rf7 26. Rxf7 Kxf7
27. Bxh6 Bd4+ 28. e3 Bc5 29. Kf2 Ke6 30. Kf3 b5 31. e4 a5 32. Bg7 a4 33. bxa4
bxa4 34. Ke2 a3 35. Kd3 a2 36. Ba1 Bd6 37. Kc2 Be5 38. Bb2 a1=Q 39. Bxa1 Bxa1
40. Kd3 Ke5 41. Ke3 Bd4+ 42. Kf3 Bc5 43. h4 Be7 44. Ke3 Bf6 45. Kf3 Be7 1/2-1/2

[Event "Tournoi Skype 014A"]
[Site "Skype"]
[Date "????.??.??"]
[Round "5.9"]
[White "Ergin, Ahmet"]
[Black "Casey, Eamonn"]
[Result "0-1"]
[WhiteElo "1770"]
[BlackElo "1665"]
[PlyCount "68"]

1. e4 e6 2. d4 d5 3. e5 c5 4. c3 Nc6 5. Nf3 Nge7 6. Bd3 Ng6 7. Be3 cxd4 8. cxd4
Be7 9. Nc3 a6 10. a3 Bd7 11. O-O O-O 12. Nd2 Rc8 13. f4 b5 14. Rc1 Qb6 15. b4
Qd8 16. Nb3 f6 17. Nc5 Bxc5 18. bxc5 fxe5 19. fxe5 Nge7 20. Qc2 h6 21. Rxf8+
Qxf8 22. Rf1 Qd8 23. Qf2 Qe8 24. Bxh6 gxh6 25. Qf4 Qh5 26. Ne2 Nf5 27. g4 Qh3
28. gxf5 Qxd3 29. fxe6 Qg6+ 30. Kh1 Qxe6 31. Qg3+ Kh8 32. Rf6 Qg4 33. Rxh6+ Kg7
34. Qxg4+ Bxg4 0-1

[Event "Tournoi Skype 014A"]
[Site "Skype"]
[Date "????.??.??"]
[Round "5.10"]
[White "Mulrooney, Justin"]
[Black "Deville, Olivier"]
[Result "0-1"]
[WhiteElo "1624"]
[BlackElo "1866"]
[PlyCount "58"]

1. d4 Nf6 2. Nf3 e6 3. e3 b6 4. Be2 Bb7 5. O-O Be7 6. c4 O-O 7. Nc3 Ne4 8. Qc2
f5 9. Bd3 Nxc3 10. Qxc3 Bxf3 11. gxf3 Bd6 12. e4 f4 13. e5 Qg5+ 14. Kh1 Be7 15.
b3 c5 16. Be4 Nc6 17. d5 Nxe5 18. d6 Bf6 19. Qd2 Rac8 20. Rb1 Ng6 21. Qd3 Nh4
22. Rg1 Qh6 23. Bb2 Bxb2 24. Rxb2 Rf6 25. Rd2 Rcf8 26. Rdd1 Qh5 27. Qe2 Rh6 28.
Rd3 Nxf3 29. Rg2 Qxh2+ 0-1

[Event "Tournoi Skype 014A"]
[Site "Skype"]
[Date "????.??.??"]
[Round "5.11"]
[White "Segura Lozano, Marcos Antonio"]
[Black "Antonic, Nenad"]
[Result "1-0"]
[WhiteElo "1899"]
[BlackElo "1530"]
[PlyCount "85"]

1. e4 c6 2. d4 d5 3. Nc3 dxe4 4. Nxe4 Bf5 5. Ng3 Bg6 6. f4 h6 7. f5 Bh7 8. c3
Nf6 9. Bd3 Nbd7 10. N1e2 Nb6 11. O-O Qd7 12. Qc2 O-O-O 13. Kh1 e6 14. fxe6 fxe6
15. Bxh7 Nxh7 16. Ne4 Be7 17. a3 Nd5 18. c4 Ndf6 19. N4c3 Ng5 20. b4 Rhf8 21.
Be3 Ng4 22. Bg1 Rf7 23. h3 Nf6 24. d5 exd5 25. cxd5 Nxd5 26. Rfd1 Qe8 27. Nxd5
Bd6 28. Bxa7 b6 29. Bxb6 Rdd7 30. Qxc6+ Kb8 31. Rac1 Ne6 32. Ba5 Bc7 33. Qb5+
Kc8 34. Nb6+ Kd8 35. Nxd7 Bxa5 36. Nf6+ Ke7 37. Qxe8+ Kxf6 38. Rf1+ Kg6 39.
Qxf7+ Kh7 40. Qxe6 Bc7 41. Rf7 Bb8 42. Rc6 Bg3 43. Qg6+ 1-0

[Event "Tournoi Skype 014A"]
[Site "Skype"]
[Date "????.??.??"]
[Round "5.12"]
[White "Meyer, Eric"]
[Black "Karia, Vijay"]
[Result "1/2-1/2"]
[WhiteElo "1740"]
[BlackElo "1604"]
[PlyCount "134"]

1. d4 Nf6 2. c4 e5 3. dxe5 Ng4 4. Nf3 Nc6 5. Nc3 Ngxe5 6. Nxe5 Nxe5 7. e3 Bc5
8. Be2 O-O 9. O-O c6 10. Ne4 Bb6 11. c5 Bc7 12. b3 b6 13. Ba3 Re8 14. Nd6 Bxd6
15. Qxd6 Re6 16. Qd4 d6 17. f4 bxc5 18. Bxc5 Qe7 19. Ba3 c5 20. Qc3 Nd7 21. Bb2
Nf6 22. Bf3 Rb8 23. Rfe1 Bb7 24. Bxb7 Qxb7 25. Rad1 Qe4 26. Qd3 Qc6 27. f5 Re4
28. Qxd6 Qxd6 29. Rxd6 Ng4 30. Rd3 Rbe8 31. h3 Rxe3 32. Rexe3 Nxe3 33. g4 c4
34. bxc4 Nxc4 35. Bc3 h6 36. Kf2 a6 37. Rf3 Nd6 38. Bb4 Ne4+ 39. Kg2 Ng5 40.
Ra3 Ra8 41. Re3 Nh7 42. a3 Nf6 43. Re5 Nd7 44. Re7 Nf6 45. Re5 Nd7 46. Rd5 Nf6
47. Rd4 Kh7 48. h4 g5 49. hxg5 hxg5 50. Kf3 Ne8 51. Be7 f6 52. Rd7 Kg8 53. Bb4
a5 54. Bc3 a4 55. Re7 Kf8 56. Bb4 Kg8 57. Ke4 Ng7 58. Kd5 Kh8 59. Bc3 Ne8 60.
Ke6 Kg8 61. Kd7 Kf8 62. Re6 Ra7+ 63. Kd8 Ra8+ 64. Kd7 Ra7+ 65. Kd8 Ra8+ 66. Kd7
Ra7+ 67. Kd8 Ra8+ 1/2-1/2

[Event "Tournoi Skype 014A"]
[Site "Skype"]
[Date "????.??.??"]
[Round "5.13"]
[White "Dal, Ibrahim"]
[Black "Leost, Joel"]
[Result "1-0"]
[WhiteElo "1722"]
[BlackElo "1442"]
[PlyCount "87"]

1. c4 f5 2. g3 Nf6 3. Bg2 e6 4. b3 Be7 5. Bb2 Nc6 6. Nf3 b6 7. Ne5 Bb7 8. Nxc6
dxc6 9. O-O O-O 10. d3 Qd7 11. Nd2 Rad8 12. Nf3 Bd6 13. Qc2 Qc8 14. Nd4 Qd7 15.
Nf3 Ba8 16. Ne5 Qe8 17. Rad1 c5 18. Bxa8 Rxa8 19. Qc1 Qh5 20. Qe3 Rfe8 21. Qf3
Ng4 22. h4 Qh6 23. Nxg4 fxg4 24. Qxg4 e5 25. e4 Rf8 26. Bc1 Qf6 27. Kg2 h6 28.
Qe2 c6 29. f4 exf4 30. Bxf4 Bxf4 31. Rxf4 Qe5 32. Rdf1 Rxf4 33. Rxf4 g6 34. Qg4
Qg7 35. Qe6+ Kh8 36. Qxc6 Rd8 37. Rf6 Rg8 38. Qe6 h5 39. Kh3 Qh6 40. Qe5 Qg7
41. Re6 Qxe5 42. Rxe5 Rf8 43. Re7 a5 44. Re6 1-0

[Event "Tournoi Skype 014A"]
[Site "Skype"]
[Date "????.??.??"]
[Round "5.14"]
[White "Yildirim, Cagri"]
[Black "Baue, Michel"]
[Result "0-1"]
[WhiteElo "1462"]
[BlackElo "1713"]
[PlyCount "60"]

1. e4 c5 2. Nf3 d6 3. d4 cxd4 4. Nxd4 Nf6 5. Nc3 a6 6. Bc4 e6 7. Be3 Be7 8. Qe2
Qc7 9. Bb3 Nc6 10. O-O-O Na5 11. g4 Nxb3+ 12. axb3 b5 13. g5 Nd7 14. Qh5 g6 15.
Qe2 Bb7 16. Bd2 Nc5 17. b4 Nd7 18. f3 Nb6 19. Qf2 O-O-O 20. h4 Nc4 21. Nb3 Nxd2
22. Rxd2 Kb8 23. Na5 Ba8 24. Ne2 d5 25. Rd4 dxe4 26. fxe4 Rxd4 27. Qxd4 Rd8 28.
Qg7 Bxe4 29. c3 Bxh1 30. Qxf7 Bxg5+ 0-1

[Event "Tournoi Skype 014A"]
[Site "Skype"]
[Date "????.??.??"]
[Round "5.15"]
[White "Fouquereau, Andre"]
[Black "Engstrom, Olle"]
[Result "0-1"]
[WhiteElo "1511"]
[BlackElo "1680"]
[PlyCount "88"]

1. e4 c5 2. Nf3 g6 3. c3 d5 4. e5 a6 5. d4 cxd4 6. cxd4 Nc6 7. Nc3 Bg7 8. Be3
Nh6 9. Bd3 Nf5 10. Bxf5 Bxf5 11. Qb3 O-O 12. Qxb7 Na5 13. Qb4 Rb8 14. Qa4 Rxb2
15. O-O Bd7 16. Qd1 e6 17. Rb1 Nc4 18. Rxb2 Nxb2 19. Qb1 Nc4 20. Bf4 Qc7 21.
Qc1 Qa5 22. Nd2 Rc8 23. Nb3 Qb6 24. Nc5 Nxe5 25. Bxe5 Bxe5 26. Nxd7 Qxd4 27.
Ne2 Rxc1 28. Nxd4 Rxf1+ 29. Kxf1 Bxd4 30. Nb8 a5 31. Na6 Bb6 32. Ke2 Kf8 33. a4
Ke7 34. f3 Kd6 35. Kd3 Kc6 36. Kc3 Kb7 37. Nb4 axb4+ 38. Kxb4 Ka6 39. Kc3 Ka5
40. Kb3 Bc5 41. h3 Bb4 42. g4 g5 43. Kc2 Kxa4 44. Kd3 e5 0-1

[Event "Tournoi Skype 014A"]
[Site "Skype"]
[Date "????.??.??"]
[Round "5.17"]
[White "Loyarte, Frederic"]
[Black "Elias, Roberto"]
[Result "0-1"]
[WhiteElo "1544"]
[BlackElo "1809"]
[PlyCount "62"]

1. d4 Nf6 2. c4 e6 3. Nc3 Bb4 4. Qc2 O-O 5. Bg5 d5 6. cxd5 exd5 7. a3 Be7 8.
Nf3 c6 9. e3 Nbd7 10. Bd3 Re8 11. Ne5 h6 12. Bxf6 Bxf6 13. Bh7+ Kf8 14. Nxd7+
Bxd7 15. Bf5 Bxd4 16. Bxd7 Qxd7 17. Ne2 Bf6 18. O-O Re4 19. Ng3 Rc4 20. Qh7 g6
21. Qxh6+ Ke7 22. Rab1 Rh8 23. Qf4 Rxf4 24. exf4 Kf8 25. Rfe1 Bh4 26. Re3 Bxg3
27. hxg3 d4 28. Rd1 Rh5 29. Re4 Rd5 30. Kf1 c5 31. g4 Qxg4 0-1

[Event "Tournoi Skype 014A"]
[Site "Skype"]
[Date "????.??.??"]
[Round "5.18"]
[White "Bourdeau, Yvan"]
[Black "Trivedi, Viral"]
[Result "1/2-1/2"]
[WhiteElo "1703"]
[BlackElo "1536"]
[PlyCount "86"]

1. c4 d5 2. d4 Nf6 3. Nc3 e6 4. Bg5 Nbd7 5. Nf3 c6 6. e3 h6 7. Bh4 Bb4 8. Bd3
Qa5 9. Qc2 Ne4 10. Bxe4 dxe4 11. Nd2 Bxc3 12. Qxc3 Qxc3 13. bxc3 g5 14. Bg3 f5
15. Bd6 Nf6 16. O-O Bd7 17. f3 exf3 18. Rxf3 b5 19. e4 bxc4 20. exf5 exf5 21.
Re1+ Ne4 22. Nxe4 fxe4 23. Rxe4+ Kd8 24. Re7 Re8 25. Rh7 h5 26. Rff7 Be6 27.
Rxa7 Rxa7 28. Rxa7 Bg4 29. Ra8+ Bc8 30. a3 Re6 31. Bb4 Kc7 32. Ra7+ Kb8 33. Rh7
h4 34. Re7 Rf6 35. a4 g4 36. Re3 Bf5 37. Be7 Rh6 38. a5 Bd3 39. Re1 Ka7 40. Bb4
Ka6 41. Re8 Rf6 42. Re1 g3 43. hxg3 hxg3 1/2-1/2

[Event "Tournoi Skype 014A"]
[Site "Skype"]
[Date "????.??.??"]
[Round "5.20"]
[White "Carballo, Jorge"]
[Black "Malbec, Robert"]
[Result "1/2-1/2"]
[WhiteElo "1777"]
[BlackElo "1529"]
[PlyCount "77"]

1. d4 d5 2. Nf3 Nf6 3. Bf4 Bf5 4. e3 e6 5. Bd3 Bxd3 6. Qxd3 h6 7. Nbd2 Nbd7 8.
O-O-O b6 9. h4 c5 10. c3 c4 11. Qc2 a5 12. Ne5 Nxe5 13. dxe5 Nd7 14. Nf3 Nc5
15. Nd4 Nd3+ 16. Kb1 Qd7 17. Bg3 b5 18. a3 b4 19. a4 b3 20. Nxb3 Qxa4 21. Nc1
Qb5 22. Nxd3 cxd3 23. Qxd3 Qb3 24. c4 Qxd3+ 25. Rxd3 dxc4 26. Rc3 Rc8 27. Rhc1
Bb4 28. Rxc4 Rxc4 29. Rxc4 O-O 30. Kc2 Rd8 31. Rd4 Rc8+ 32. Kb3 Rb8 33. Ka2 Rc8
34. b3 Rc1 35. Kb2 Rg1 36. h5 Rxg2 37. Rd8+ Kh7 38. Rd7 Kg8 39. Rd8+ 1/2-1/2

[Event "Tournoi Skype 014A"]
[Site "Skype"]
[Date "????.??.??"]
[Round "5.21"]
[White "Rajpurohit, Dinesh"]
[Black "Holtz, Steve"]
[Result "0-1"]
[WhiteElo "1665"]
[BlackElo "1523"]
[PlyCount "72"]

1. c4 d5 2. cxd5 Qxd5 3. Nc3 Qd8 4. g3 c6 5. Bg2 Nf6 6. Nf3 Bf5 7. d3 e6 8. Nh4
Bg6 9. Nxg6 hxg6 10. e4 Nbd7 11. d4 Bb4 12. O-O Bxc3 13. bxc3 Qc7 14. Bg5 a6
15. e5 Nh7 16. f4 Nxg5 17. fxg5 Rd8 18. Qf3 O-O 19. Bh3 c5 20. Qe4 cxd4 21.
cxd4 Nb6 22. Rf3 Nc4 23. Raf1 Nd2 24. Qe3 Nxf1 25. Rxf1 Qc4 26. Rd1 Qxa2 27.
Qe4 b5 28. Bg4 Rc8 29. Rf1 b4 30. d5 exd5 31. Qxb4 Rb8 32. Qd6 Rb2 33. Bf3 Rd2
34. e6 Qb3 35. exf7+ Rxf7 36. Qd8+ Kh7 0-1

[Event "Tournoi Skype 014A"]
[Site "Skype"]
[Date "????.??.??"]
[Round "5.22"]
[White "Grib, Johannes"]
[Black "Briere, Jean"]
[Result "1-0"]
[WhiteElo "1432"]
[BlackElo "1537"]
[PlyCount "109"]

1. d4 d5 2. c4 e6 3. Nc3 Nf6 4. Bg5 c6 5. Bxf6 Qxf6 6. Nf3 Bd6 7. c5 Bc7 8. e3
Nd7 9. b4 a6 10. a4 e5 11. b5 axb5 12. axb5 Rxa1 13. Qxa1 e4 14. Nd2 O-O 15.
bxc6 bxc6 16. Qa8 Rd8 17. Qa4 Bb7 18. Qa7 Rb8 19. g3 Qd8 20. Bh3 Nf6 21. O-O
Bc8 22. Bxc8 Qxc8 23. Qa4 Bd8 24. f3 Ra8 25. Qc2 exf3 26. Nxf3 Ng4 27. Qe2 Qe6
28. Nd1 f5 29. h3 Nf6 30. Ng5 Qd7 31. Nc3 Ne4 32. Ngxe4 fxe4 33. Kg2 Qe6 34.
Qf2 Ba5 35. Ra1 Qe8 36. Ne2 Bc7 37. Rb1 Qc8 38. Nf4 Bxf4 39. gxf4 Qe6 40. f5
Qf6 41. h4 g6 42. Kh3 Qxf5+ 43. Qxf5 gxf5 44. Kg3 Kg7 45. Kf4 Kf6 46. Rb6 Rc8
47. Rb7 h5 48. Rd7 Ra8 49. Rd6+ Ke7 50. Rxc6 Rg8 51. Rd6 Rg4+ 52. Kxf5 Rxh4 53.
Rxd5 Rh3 54. Kxe4 h4 55. Rh5 1-0

[Event "Tournoi Skype 014A"]
[Site "Skype"]
[Date "????.??.??"]
[Round "5.23"]
[White "L'Herbon De Lussats, Jean"]
[Black "Maneval, Dustin"]
[Result "0-1"]
[WhiteElo "1529"]
[BlackElo "1532"]
[PlyCount "92"]

1. e4 e5 2. d4 exd4 3. Qxd4 Nc6 4. Qd3 Bc5 5. c4 Nf6 6. Nc3 O-O 7. Nf3 h6 8.
Be3 Bb6 9. Rd1 Nb4 10. Qb1 c5 11. a3 Nc6 12. Bd3 Nd4 13. Nh4 Nxe4 14. Bxe4 Qxh4
15. Bh7+ Kh8 16. Qe4 Qxe4 17. Bxe4 f5 18. Bd5 Nc2+ 19. Kd2 Nd4 20. Kc1 Ne6 21.
f4 Nc7 22. Bf3 Re8 23. Bf2 Ne6 24. Rde1 Bc7 25. g3 Ba5 26. Bxc5 Bxc3 27. bxc3
Rb8 28. Bd4 b6 29. Re3 Ba6 30. Bd5 Nxd4 31. Rxe8+ Rxe8 32. cxd4 Rc8 33. Kb2
Bxc4 34. Rc1 Ba6 35. Bf7 Rxc1 36. Kxc1 Bd3 37. Bg6 Kg8 38. g4 Kf8 39. gxf5 d5
40. Kd2 Be4 41. h4 Ke7 42. Bh7 Kf6 43. Ke3 Bxf5 44. Bxf5 Kxf5 45. h5 b5 46. Kf3
a5 0-1

[Event "Tournoi Skype 014A"]
[Site "Skype"]
[Date "????.??.??"]
[Round "5.24"]
[White "Duthoit, Bernard"]
[Black "Meaney, Mike"]
[Result "0-1"]
[WhiteElo "1487"]
[BlackElo "1497"]
[PlyCount "72"]

1. e4 e6 2. d4 d5 3. e5 c5 4. c3 h6 5. Nf3 Ne7 6. Nbd2 Nbc6 7. Bb5 c4 8. Bxc6+
bxc6 9. b4 Ng6 10. Nf1 Be7 11. Ng3 h5 12. Ne2 h4 13. h3 a5 14. Qa4 Bd7 15. Qc2
axb4 16. Bb2 c5 17. O-O Ba4 18. Qc1 cxd4 19. Nfxd4 Nxe5 20. cxb4 Nd3 21. Nxe6
fxe6 22. Qd2 Nxb2 23. Qxb2 Bf6 24. Nd4 Qb6 25. Nxe6 Bxb2 26. Rae1 Bf6 27. Nc7+
Kf7 28. Nxa8 Rxa8 29. Rc1 Qxb4 30. Rb1 Qc5 31. Rb7+ Kg6 32. Rfb1 Rc8 33. R7b6
Rc6 34. Rb7 Bd4 35. Rb8 Bxf2+ 36. Kf1 Rf6 0-1

[Event "Tournoi Skype 014A"]
[Site "Skype"]
[Date "????.??.??"]
[Round "5.25"]
[White "Solak, Yusuf"]
[Black "Galani, Mahendra"]
[Result "1-0"]
[WhiteElo "1514"]
[BlackElo "1523"]
[PlyCount "61"]

1. e4 e5 2. Nf3 d6 3. Bc4 Qf6 4. h3 h6 5. Nc3 c6 6. d4 exd4 7. Nxd4 Nd7 8. Be3
Ne5 9. Bb3 Ne7 10. Qd2 c5 11. Ndb5 Kd8 12. Bxc5 N7c6 13. Bxd6 Bxd6 14. Nxd6 Kc7
15. Nd5+ Kxd6 16. Nxf6+ Kc7 17. O-O-O gxf6 18. f4 Rd8 19. Qe3 Nd7 20. Bxf7 Nf8
21. f5 b6 22. Qg3+ Kb7 23. Rxd8 Nxd8 24. Bd5+ Nc6 25. b4 a6 26. Qd6 Bd7 27. c4
b5 28. c5 Rc8 29. Rd1 Ka7 30. a3 Nb8 31. Qb6# 1-0

[Event "Tournoi Skype 014A"]
[Site "Skype"]
[Date "????.??.??"]
[Round "6.1"]
[White "Sojka, Bernard"]
[Black "Auger, Bertrand"]
[Result "1-0"]
[WhiteElo "1830"]
[BlackElo "2085"]
[PlyCount "55"]

1. d4 Nf6 2. Bf4 e6 3. Nf3 b6 4. e3 Be7 5. Be2 Ba6 6. c4 O-O 7. Nc3 d5 8. Qb3
Bxc4 9. Bxc4 dxc4 10. Qxc4 c6 11. O-O b5 12. Qe2 Nbd7 13. Ne5 Rc8 14. Rfd1 Qb6
15. Bg5 Rfe8 16. Rac1 Nxe5 17. dxe5 Nd5 18. Nxd5 exd5 19. Bxe7 Rxe7 20. Rxd5
Qb8 21. Qg4 h5 22. Qh3 Rd8 23. Rxd8+ Qxd8 24. Qxh5 Rd7 25. h3 Rd2 26. Rxc6 g6
27. Qg4 Qd5 28. Rd6 1-0

[Event "Tournoi Skype 014A"]
[Site "Skype"]
[Date "????.??.??"]
[Round "6.2"]
[White "Jacquelin, Norbert"]
[Black "Karlsen, Christian"]
[Result "0-1"]
[WhiteElo "1899"]
[BlackElo "1917"]
[PlyCount "90"]

1. e4 d6 2. d4 Nf6 3. Nc3 h5 4. Be2 e6 5. Bg5 Be7 6. Qd2 a6 7. Nf3 b5 8. a3 Bb7
9. d5 O-O 10. Nh4 Nxd5 11. Bxe7 Qxe7 12. exd5 Qxh4 13. O-O-O Nd7 14. g3 Qf6 15.
f4 Nb6 16. Bf3 Nc4 17. Qd4 Qxd4 18. Rxd4 g6 19. g4 hxg4 20. Bxg4 Kg7 21. h4
exd5 22. h5 c5 23. h6+ Kh8 24. Rxc4 dxc4 25. Rh2 Rae8 26. Kd2 Re7 27. Ne2 f5
28. Bh3 Rfe8 29. Bf1 Kh7 30. Ng1 Re1 31. Rf2 Rb1 32. Nh3 Kxh6 33. Ng5 Kg7 34.
Be2 Rxb2 35. Bd1 Re7 36. Rh2 Ra2 37. Rh7+ Kf6 38. Rh3 d5 39. Nh7+ Kg7 40. Ng5
d4 41. Rh7+ Kf6 42. Rxe7 Kxe7 43. Bf3 Bxf3 44. Nxf3 d3 45. Ne1 Rxa3 0-1

[Event "Tournoi Skype 014A"]
[Site "Skype"]
[Date "????.??.??"]
[Round "6.3"]
[White "Hervais, Adrien"]
[Black "Patra Kumar, Subhendu"]
[Result "1-0"]
[WhiteElo "1998"]
[BlackElo "1838"]
[PlyCount "47"]

1. e4 e5 2. Nc3 Nc6 3. f4 d6 4. Nf3 Bg4 5. Be2 exf4 6. O-O Ne5 7. d4 Bxf3 8.
Bxf3 Nxf3+ 9. Qxf3 g5 10. Kh1 Bg7 11. g3 Bxd4 12. gxf4 Qf6 13. Nd5 Qd8 14. c3
Bg7 15. fxg5 Qd7 16. Be3 h6 17. gxh6 Nxh6 18. Nf6+ Bxf6 19. Qxf6 Rh7 20. Bxh6
Qh3 21. Bf4 Kd7 22. Bg3 Rah8 23. Qf5+ Qxf5 24. Rxf5 1-0

[Event "Tournoi Skype 014A"]
[Site "Skype"]
[Date "????.??.??"]
[Round "6.4"]
[White "Hilton, Stephen"]
[Black "Yuvarlak, Ugur"]
[Result "1/2-1/2"]
[WhiteElo "1903"]
[BlackElo "1850"]
[PlyCount "72"]

1. d4 Nf6 2. Nf3 e6 3. e3 b6 4. Bd3 Bb7 5. O-O Ne4 6. Nbd2 f5 7. c4 Be7 8. Qc2
d5 9. cxd5 exd5 10. Qb3 Nd7 11. Ne5 Nxe5 12. dxe5 Nc5 13. Qc3 Nxd3 14. Qxd3 O-O
15. b3 c5 16. Bb2 f4 17. exf4 Rxf4 18. Qg3 Rf5 19. Nf3 d4 20. Qh3 Qf8 21. Nd2
Rxe5 22. Rfe1 Rxe1+ 23. Rxe1 Bf6 24. Ne4 Bxe4 25. Rxe4 Re8 26. Qd3 Rxe4 27.
Qxe4 Qe7 28. Qd5+ Kf8 29. g3 Qd8 30. Qe4 Kg8 31. Qe6+ Kh8 32. Bc1 h6 33. Bf4
Bg5 34. Be5 d3 35. Qf7 Qg8 36. Qd7 Bf6 1/2-1/2